00876naa a2200145 i 45000010005000000030009000050050017000140080039000310400021000701000145000912450109002366550030003457000125003757730230005009790KOSZ 00520180410132114.0151212s2011 pl n f |100 0pol cBPKdKOSZ 005/EG1 aBOCEWICZ, Grzegorz.d2006 - .bPolitechnika Koszalińska - Wydział Elektroniki i Informatyki,cZakład Podstaw Informatyki i Zarządzania10aCP-driven multimodal processes scheduling /cGrzegorz Bocewicz, Wojciech Muszyński, Zbigniew Banaszak. 0aMateriały konferencyjne.1 aBANASZAK, Zbigniew.bPolitechnika Koszalińska - Wydział Elektroniki i Informatyki,cKatedra Telekomunikacjid2003 - .0 iW :tProceedings of the 16th IEEE International Conference on Emerging Technologies and Factory Automation, ETFA' 2011 [Dokument elektroniczny] : September 5-9, 2011. -dToulouse, France. Piscataway, NJ : IEEE 2011. -gs. 1-8